Teoría y procesos en las negociaciones internacionales/ Terrence Hopmann P.
sin resumen
Gespeichert in:
| 1. Verfasser: | |
|---|---|
| Format: | Buch |
| Sprache: | Spanish |
| Schlagworte: | |
| Tags: |
Tag hinzufügen
Keine Tags, Fügen Sie den ersten Tag hinzu!
|
MARC
| LEADER | 00000nam a22000007a 4500 | ||
|---|---|---|---|
| 003 | cru CIDCACS/IIS | ||
| 005 | 20201104171027.0 | ||
| 008 | 201104b ||||| |||| 00| 0 spa d | ||
| 999 | |c 43478 |d 43478 | ||
| 040 | |c CRAI/IIS | ||
| 100 | 1 | |9 9708 |a Hopmann P, Terrence | |
| 245 | 1 | |a Teoría y procesos en las negociaciones internacionales/ |b Terrence Hopmann P. | |
| 246 | |a Proyecto Cooperación con los servicios exteriores de América Latina | ||
| 300 | |a 76 páginas | ||
| 520 | |a sin resumen | ||
| 650 | 4 | |9 1942 |a NEGOCIACIONES INTERNACIONALES | |
| 650 | 4 | |9 1848 |a DIPLOMACIA | |
| 650 | 0 | |9 370 |a POLITICA EXTERIOR | |
| 773 | 0 | |0 43348 |9 5005 |a Programa de las Naciones Unidas para el Desarrollo |d Santiago, Chile: PNUD; CEPAL |o MFN: 1416 |t Documento de Trabajo/ | |
| 942 | |2 ddc |c PP | ||
